000 00327pam a2200133 a 4500
020 _c
041 _h
082 _a741.235
_bGOL
100 _aKen Goldman .
245 _aPostel-1 Learn the Basic of Pastel Painting
_hTextual Documents
260 _a[s.l]:
_bWalter foster ,
_c2013.
300 _a32:
_bpaper.
930 _a7190
999 _c240980
_d240980